La lesion enorme en la catedra y en el foro / (Registro nro. 50069)

Detalles MARC
000 -LEADER
fixed length control field 01077nam a2200277 4500
001 - CONTROL NUMBER
control field 0000022209
003 - CONTROL NUMBER IDENTIFIER
control field CO-CtgCURN
005 - DATE AND TIME OF LATEST TRANSACTION
control field 20250828213539.0
008 - FIXED-LENGTH DATA ELEMENTS--GENERAL INFORMATION
fixed length control field 160627s2002 000 0 eng d
020 ## - INTERNATIONAL STANDARD BOOK NUMBER
International Standard Book Number 9583504076
040 ## - CATALOGING SOURCE
Original cataloging agency CO-CtgCURN
Language of cataloging spa
Transcribing agency coctgcurn
082 0# - DEWEY DECIMAL CLASSIFICATION NUMBER
Classification number 346.6
Item number O76l
100 1# - MAIN ENTRY--PERSONAL NAME
Personal name Ospina Acosta, Eduardo.
245 13 - TITLE STATEMENT
Title La lesion enorme en la catedra y en el foro /
Statement of responsibility, etc. Eduardo Ospina Acosta.
260 ## - PUBLICATION, DISTRIBUTION, ETC.
Place of publication, distribution, etc. Bogotá :
Name of publisher, distributor, etc. Temis,
Date of publication, distribution, etc. 2002.
300 ## - PHYSICAL DESCRIPTION
Extent ix, 178 p.
336 ## - CONTENT TYPE
Source rdacontent
337 ## - MEDIA TYPE
Source rdamedia
Media type term sin mediacion
Media type code n
338 ## - CARRIER TYPE
Source rdacarrier
Carrier type term volumen
Carrier type code nc
504 ## - BIBLIOGRAPHY, ETC. NOTE
Bibliography, etc. note Bibliografia (p. 175-176)
505 8# - FORMATTED CONTENTS NOTE
Formatted contents note La demanda.--Las medidas cautelares.--La contestacion de la demanda.--Las pruebas.--La sentencia.--La lesion enorme en la permuta.--La lesion enorme en la particiones de bienes.--La clausula penal enorme.--La lesion enorme en el Código de comercio
650 #0 - SUBJECT ADDED ENTRY--TOPICAL TERM
Topical term or geographic name entry element Responsabilidad civil.
908 ## - PUT COMMAND PARAMETER (RLIN)
Put command parameter 160627
942 ## - ADDED ENTRY ELEMENTS (KOHA)
Koha item type Libros
Classification part 346.6
Item part O76l
Source of classification or shelving scheme Dewey Decimal Classification
999 ## - SYSTEM CONTROL NUMBERS (KOHA)
-- 1
Existencias
Withdrawn status Lost status Source of classification or shelving scheme Damaged status Not for loan Home library Current library Shelving location Date acquired Total checkouts Full call number Barcode Date last seen Price effective from Koha item type
    Dewey Decimal Classification     Miguel Henríquez Castañeda Miguel Henríquez Castañeda General 03/04/2019   346.6 O76l 014055 03/04/2019 03/04/2019 Libros